00850 2200313 4500001002100000005001500021035002000036007000300056040001700059100002600076245005600102250001000158300003100168504002600199041000800225082001000233084001600243090002600259264004000285336002100325337003000346338002300376650002000399850001000419008004100429020002200470990002200492990002200514INLIS00000000000947920260420095222 a0010-1222000084ta aSBPUPADbind0 aSri Utami:ePengarang1 aPanduan Praktis Pembibitan Ikan Bawal /cSri Utami; aCet.1 a104 hlm. :bilus. ;c14 cm abibiliografi, hlm 1010 aind a639.3 a639.3 SRI p a639.2 SUW r L 19 R 10 aJawa Barat :bAir Publishing,c2016 2rdacontentateks 2rdamediaatanpa perantara 2rdacarrieravolume 4aTeknik Terampil aPUPAD260420 0  a978-602-6348-39-5 a29.737/B/DPK/2018 a24.718/H/DPK/2017